000 00507nam a2200181Ia 4500
005 20250923144516.0
008 008 250917s9999 xx 000 0 eng d
037 _aReports
040 _aDSWL
_beng
_cDSWL
041 _aeng
_2eng
084 _qDSWL
100 _aDesai, Akshay.R.
_9825601
245 0 _aSocial case work in marital problems
_cby Akshay.R. Desai
260 _aLondon
_bTavisco Publication Ltd
_c1955
300 _axii,199p.
942 _cREP
999 _c1439814
_d1439814